[Event "POL-ch 58th"]
[Site "Warsaw"]
[Date "2001.03.23"]
[Round "6"]
[White "Cyborowski, Lukasz"]
[Black "Gajewski, Grzegorz"]
[Result "1-0"]
[WhiteElo "2432"]
[BlackElo "2344"]
[Annotator "Ftacnik,L"]
[PlyCount "95"]
[EventDate "2001.03.18"]
[EventType "tourn"]
[EventRounds "13"]
[EventCountry "POL"]
[EventCategory "11"]
[SourceTitle "CBM 082"]
[Source "ChessBase"]
[SourceDate "2001.05.17"]
[SourceVersion "1"]
[SourceVersionDate "2001.05.17"]
[SourceQuality "1"]

1. e4 c5 2. Nf3 d6 3. d4 cxd4 4. Nxd4 Nf6 5. Nc3 e6 6. Be3 a6 7. Qd2 b5 8. f3
Nbd7 9. g4 Nb6 10. Qf2 Nfd7 11. f4 Bb7 (11... Na4 12. Nxa4 bxa4 13. Bg2 (13.
O-O-O Bb7 14. f5 e5 15. Nf3 Bxe4 16. Bc4 h6 17. Rhe1 Qc7 18. Qe2 Rc8 19. Bd3
Bb7 20. c3 a3 {0-1 Rupasinghe,S-Nutiu,H/Singapore/1990/ (32)}) 13... Bb7 (13...
e5 14. Nc6 Qc7 15. Nb4 Nf6 16. Nd5 Nxd5 17. exd5 Rb8 18. O-O Rxb2 19. fxe5 dxe5
20. d6 Qc4 {1/2-1/2 Zezulkin,J-Ilincic,Z/YUG/2000/ (43)}) 14. e5 Bxg2 15. Qxg2
dxe5 16. Nc6 Qc7 17. Nxe5 Rc8 18. Nxd7 Qxd7 19. O-O {1/2-1/2 Aseev,K-Ehlvest,J/
Lvov/1985/ (19)}) (11... Qc7 12. f5 e5 13. Ndxb5 axb5 14. Bxb5 Kd8 15. O-O Bb7
16. Rad1 Nc4 17. Bc1 Nf6 18. Qe2 Rc8 19. a4 {1-0 Lastin,A-Vorobiov,E/Moscow/
1997/ (52)}) 12. f5 exf5 (12... Be7 13. fxe6 O-O 14. Nf5 fxe6 15. Bxb6 Nxb6 16.
Nxe7+ Kh8 17. Qh4 b4 18. Ne2 Bxe4 19. Rg1 Nc8 20. g5 d5 21. Nc6 Qd6 22. Ncd4 {
1-0 Khalifman,A-Ehlvest,J/Lvov/1985/ (42)}) 13. gxf5 (13. Nxf5 g6 (13... b4 14.
Nd5 (14. Nb5 Nc8 15. Nbd4 Ne5 16. h3 {1/2-1/2 Zezulkin,J-Dydyshko,V/Zakopane/
2000/ (16)}) 14... Nxd5 15. exd5 Ne5 16. Bd4 g6 17. Ne3 Bg7 18. O-O-O O-O 19.
h4 a5 20. Kb1 a4 21. g5 b3 22. cxb3 axb3 23. a3 {1-0 Gaponenko,I-Strelnikov,O/
Alushta/1999/ (57)}) 14. Nh6 Qf6 15. Qxf6 Nxf6 16. g5 Bxh6 17. gxh6 Nbd7 18.
Bg2 Ne5 19. O-O-O Nfg4 20. Bg1 Ke7 21. Nd5+ Bxd5 22. Rxd5 f6 23. b3 Nxh6 {
0-1 Stets,D-Khomyakov,V/Alushta/1998/ (47)}) 13... Be7 14. O-O-O Bf6 (14... b4
15. Nd5 Nxd5 16. exd5 Qa5 (16... Bxd5 17. Bg2 $14) 17. Bc4 Ne5 18. Bb3 Bxd5 19.
Bxd5 Qxd5 $13) 15. Rg1 Rc8 (15... b4 16. Nd5 Nxd5 17. exd5 Bxd5 18. Bg2 $44)
16. Ndxb5 axb5 17. Bxb5 $6 {Cyborowski is hoping to use the potential of
attacking knights, but he will sorely miss his white squared bishop.} (17. Nxb5
$1 O-O $1 (17... Be5 18. Nxd6+ Bxd6 19. Rxd6 Nc4 (19... Qe7 20. Rxb6 Nxb6 21.
Bxb6 Bxe4 22. Qd4 Rxc2+ 23. Kd1 Rc6 24. Bb5 Qd7 25. Re1 $18) 20. Bxc4 Rxc4 21.
Rgd1 Bc8 22. e5 $16) 18. Nxd6 Rb8 19. Bf4 (19. Bxb6 Nxb6 20. e5 Bxe5 21. Nc4
Nxc4 22. Rxd8 Bxb2+ 23. Kb1 Ba6 $19) 19... Bc6 $13) 17... Nc4 (17... O-O 18.
Rxd6 Qe7 19. Rxf6 Qxf6 (19... Nxf6 $2 20. Bh6 $18) 20. Bd4 Qh6+ 21. Kb1 f6 22.
Bxb6 Nxb6 23. Qxb6 $14) 18. Bxc4 (18. Qe2 Bxc3 19. bxc3 Nce5 20. Rxd6 Qe7 $17)
18... Rxc4 19. Nb5 O-O $2 {[%mdl 8192] Black misses his chance to refute
white's strategy with nice idea starting 19...Bxb2+!} (19... Bxb2+ $1 20. Kxb2
(20. Kb1 Be5 21. Nxd6+ Bxd6 22. Rxd6 Bxe4 $19) 20... Rb4+ 21. Kc1 Rxb5 22. Bd4
Qa8 23. Bxg7 Rg8 $19) 20. Nxd6 Rc7 21. Bh6 (21. Bd4 Bc6 22. Qe3 Qe7 23. Bxf6
Qxf6 24. Qg5 $14) 21... Qe7 (21... Kh8 $2 22. Qg3 $1 Bxb2+ 23. Kxb2 Qf6+ 24.
Kb1 Qxh6 25. Nxf7+ Rxf7 26. Qxc7 $18) 22. Bf4 Ne5 23. Qg3 Ba6 (23... Ra8 24. a3
Bc6 $17) 24. Bh6 g6 $2 {Complex position was not easy to decipher over the
board, Gajewski misses another good chance to obtain clear plus.} (24... Bd3 $5
25. Bxg7 (25. Rxd3 Nxd3+ 26. Qxd3 Bxb2+ 27. Kxb2 Qf6+ 28. c3 Qxh6 $17) (25. c3
Qxd6 26. Bxg7 Rxc3+ 27. bxc3 Qa3+ 28. Kd2 Qxa2+ 29. Ke3 Qe2+ $19) 25... Rxc2+
26. Kb1 Rg2+ 27. Qxd3 Rxg7 (27... Nxd3 $2 28. Bxf6 Qxf6 29. Rxg2+ Kh8 30. Rxd3
$18) 28. Rxg7+ Bxg7 29. Qg3 Rd8 $17) 25. Bxf8 Kxf8 26. fxg6 hxg6 27. Qa3 Rc6 (
27... Ra7 28. Qb4 $14) 28. Rg3 (28. Rd5 Kg8 29. Rgd1 Be2 30. Re1 Bd3 31. Rxe5
Rxc2+ 32. Kd1 Bxe5 33. Qxd3 Rxb2 $17) 28... Nd7 29. Rb3 (29. Nb7 $6 Qxa3 30.
Rxa3 Bg5+ 31. Kb1 Bxb7 32. Rxd7 Rf6 $11) 29... Be5 30. Rb8+ $1 (30. Nf5 Bf4+
31. Kb1 gxf5 32. Rxd7 Qxa3 33. Rxa3 Rg6 $11) 30... Nxb8 (30... Kg7 $2 31. Nf5+
$18) 31. Nf5 $1 {White's combination is very fresh, black suddenly struggles
to avoid mating attack.} Bd6 (31... Qxa3 $2 32. Rd8#) (31... Bxb2+ $5 32. Qxb2
Rxc2+ (32... gxf5 $2 33. Qh8#) 33. Kxc2 $1 Qxe4+ 34. Kc1 Qf4+ 35. Qd2 Qc4+ 36.
Kb2 Qb5+ 37. Ka3 Qxf5 38. Qd8+ Kg7 39. Qxb8 Bc4 40. Qb2+ Kh7 41. Qc3 $16) (
31... Rd6 32. Nxd6 (32. Nxe7 $2 Bf4+ 33. Rd2 Bxd2+ 34. Kb1 Bb4 35. Nxg6+ Kg7
36. Qf3 Rxg6 $17) 32... Kg8 33. Qc5 $16) 32. Rxd6 Qg5+ (32... gxf5 $2 33. Rd8+
$18) 33. Rd2+ Kg8 (33... Ke8 $2 34. Ng7#) 34. Ne7+ Kh7 35. Qh3+ $2 {Probably
time trouble move, since 35.Nxc6 was winning without any complications.} (35.
Nxc6 Qg1+ 36. Rd1 Qg5+ 37. Kb1 Qg4 38. Re1 $18) 35... Kg7 36. Nxc6 Nxc6 37. Qg3
(37. Qc3+ Ne5 38. Qg3 $16) 37... Qf6 38. Qd6 Qf1+ (38... Bb7 39. Qxf6+ Kxf6 40.
a4 Ke6 41. b3 g5 42. c4 Ne5 43. Re2 $18) 39. Rd1 Qc4 40. Qd5 Qa4 41. a3 Be2 (
41... Bc4 42. Qc5 $18) 42. Re1 Bg4 43. Qc5 Kh7 44. b3 Qa6 45. Kb2 Qc8 46. a4
Qe6 47. a5 Qf6+ 48. e5 (48. e5 Qe6 49. a6 $18) 1-0

[Event "Bermuda-B"]
[Site "Bermuda"]
[Date "2003.01.25"]
[Round "1"]
[White "Schmaltz, Roland"]
[Black "Dinstuhl, Volkmar"]
[Result "1-0"]
[WhiteElo "2529"]
[BlackElo "2416"]
[Annotator "Ftacnik,L"]
[PlyCount "57"]
[EventDate "2003.01.25"]
[EventType "tourn"]
[EventRounds "11"]
[EventCountry "BER"]
[EventCategory "10"]
[SourceTitle "CBM 094"]
[Source "ChessBase"]
[SourceDate "2003.05.26"]
[SourceVersion "1"]
[SourceVersionDate "2003.05.26"]
[SourceQuality "1"]

1. e4 c5 2. Nf3 d6 3. d4 cxd4 4. Nxd4 Nf6 5. Nc3 a6 6. f3 e6 7. g4 Nc6 8. Be3
Be7 9. Qd2 O-O 10. O-O-O Nxd4 11. Qxd4 b5 12. g5 Nd7 13. f4 Rb8 14. h4 b4 15.
Ne2 Qc7 16. Kb1 e5 {This may look like a logical prompting of white queen from
the center, but the negative consequence lays in the weakening of the d5 and
f5 squares.} 17. Qd2 Nc5 (17... Bb7 18. Bg2 Rfc8 19. Ng3 Nb6 20. b3 exf4 21.
Bxf4 a5 22. Nf5 $16) (17... Nb6 18. b3 (18. Ng3 Bg4 19. Re1 Nc4 20. Bxc4 Qxc4
21. f5 Rfc8 22. Qg2 Rb5 23. f6 Bf8 $13) 18... Qc6 19. Bg2 Bg4 20. h5 f6 21. f5
fxg5 22. h6 $36) 18. Bg2 Bb7 $6 (18... Bg4 $5 19. Rde1 (19. Rhe1 Qc6 20. Qd5
Qb5 21. Qd2 Qc6 $11) 19... Qc6 20. Ng3 Rfc8 21. h5 b3 $3 22. axb3 Rxb3 23. cxb3
Nxb3 24. Qb4 Qc2+ 25. Ka2 Be6 $40) 19. Ng3 exf4 (19... Rfe8 20. f5 Bc6 21. h5
$40) 20. Bxf4 Rfe8 21. Rhe1 Qa5 (21... g6 $2 22. e5 $1 Bxg2 23. exd6 Qc6 24.
dxe7 $18) 22. Nf5 $1 {White knight has landed on the ideal square with lots of
demage potential.} Nxe4 (22... Rbd8 23. Bxd6 Nxe4 24. Bxe4 Bxe4 25. Nxe7+ Rxe7
26. Qxb4 Qxb4 27. Bxb4 $16) 23. Bxe4 Bxe4 24. Rxe4 (24. Nh6+ gxh6 25. Rxe4 Bf8
26. Rd4 hxg5 27. hxg5 Re6 $14) (24. Nxe7+ $5 Rxe7 25. Bxd6 Rd8 26. Qxb4 $16)
24... Qxf5 25. Rde1 Qd7 (25... Rb7 26. Bxd6 $18) 26. Qe2 {The trippling of
heavy pieces along the e file is pretty unpleasant for black.} Rb7 (26... Kf8
27. Qxa6 Rbd8 28. Qd3 d5 29. R4e3 g6 30. h5 Bc5 31. Rxe8+ Rxe8 32. Rd1 $16) 27.
Qxa6 g6 $2 (27... Ra7 28. Qb6 Qa4 29. a3 $16) (27... Rbb8 28. Bxd6 Bf8 29. Bf4
Rxe4 30. Rxe4 Qd1+ 31. Bc1 $16) 28. Bxd6 Rd8 29. Rxe7 1-0

[Event "Sofia MTel Masters 1st"]
[Site "Sofia"]
[Date "2005.05.22"]
[Round "10"]
[White "Kramnik, Vladimir"]
[Black "Topalov, Veselin"]
[Result "0-1"]
[WhiteElo "2753"]
[BlackElo "2778"]
[Annotator "Ftacnik,L"]
[PlyCount "68"]
[EventDate "2005.05.12"]
[EventType "tourn"]
[EventRounds "10"]
[EventCountry "BUL"]
[EventCategory "20"]
[SourceTitle "CBM 107"]
[Source "ChessBase"]
[SourceDate "2005.08.01"]
[SourceVersion "1"]
[SourceVersionDate "2005.08.01"]
[SourceQuality "1"]

1. e4 c5 2. Nf3 d6 3. d4 cxd4 4. Nxd4 Nf6 5. Nc3 a6 6. Be3 e6 7. f3 b5 8. Qd2
b4 9. Nce2 e5 10. Nb3 Nc6 $5 $146 {Interesting novelty in the position, that
was giving black decent results so far.} (10... d5 11. exd5 Qxd5 12. O-O-O Be6
13. Qe1 Qc6 14. Ng3 Nbd7 15. Kb1 Be7 16. Bd3 a5 17. Qe2 a4 18. Bb5 Qc7 19. Nc1
O-O 20. Nd3 b3 {0-1 Bhawoodien,S-Mauba,S/Cape Town 1995/ (27)}) (10... a5 11.
a4 bxa3 12. Rxa3 d5 13. Rxa5 Rxa5 14. Nxa5 (14. Qxa5 Qxa5+ 15. Nxa5 dxe4 16.
Nc4 Nc6 17. fxe4 Nxe4 18. g3 Nb4 19. Kd1 f6 20. Bg2 Bf5 {1/2-1/2 Balogh,
C-Cheparinov,I/Warsaw 2005/ (54)}) 14... dxe4 15. Qxd8+ Kxd8 16. Bb6+ Ke8 17.
Nc4 exf3 18. gxf3 Nbd7 19. Bc7 Bb7 20. Nxe5 Nd5 21. Nxd7 Nxc7 22. Ne5 f6 23.
Nd3 Bxf3 {0-1 Daubenfeld,G-Shtyrenkov,V/Pardubice 2004/ (56)}) 11. c4 (11. g4
h6 12. Ng3 Be6 13. h4 d5 14. exd5 Nxd5 15. O-O-O Qc7 16. Bd3 a5 17. Nc5 Bxc5
18. Bxc5 O-O-O 19. Nf5 g6 20. Ng7 Kb8 21. Nxe6 fxe6 22. Be3 {1-0 Naiditsch,
A-Palac,M/Warsaw 2005/ (48)}) 11... Be7 (11... bxc3 $6 12. Nxc3 $14) 12. Ng3 g6
(12... O-O 13. Be2 a5 $13) 13. Bd3 Nd7 14. Rd1 (14. O-O a5 15. Be2 Qc7 $13)
14... O-O 15. Qf2 a5 {Topalov has no need to exchange a pair of knights as it
would make the weakness on d5 more palatable.} (15... Na5 16. Nxa5 Qxa5 17. b3
Nc5 18. O-O $14) 16. O-O (16. c5 dxc5 17. Nxc5 Nxc5 18. Bxc5 Nd4 (18... Bxc5
19. Qxc5 Qf6 20. O-O Rd8 21. Bc4 $14) 19. Bxd4 Qxd4 $11) 16... a4 17. Nc1 Nc5 (
17... Bg5 $5 18. f4 exf4 19. Bxf4 Bxf4 20. Qxf4 Nce5 $11) 18. Bb1 Qc7 19. Nce2
(19. Nd3 Be6 $1 20. Nxc5 dxc5 21. Bxc5 Bxc5 22. Qxc5 Ra5 23. Qe3 Bxc4 $15)
19... Be6 {A paradoxal jump of black's knight to a5 might have posed some
unpleasant problems for white.} (19... Na5 $5 20. Bh6 Re8 21. Rc1 Ba6 $17) 20.
Bh6 Rfe8 21. Nf5 $1 (21. Rc1 Na5 22. Nf5 Bxc4 23. Ne3 Be6 24. f4 $44) 21...
Bxc4 22. Ne3 $1 Ba6 (22... Be6 23. f4 $1 Bf8 24. Bxf8 Rxf8 25. f5 $14) 23. f4
exf4 24. Bxf4 (24. Nxf4 $5 Bxf1 25. Rxf1 Ne5 $17) 24... Ne5 25. Nd5 Qa7 26.
Bxe5 $6 {Kramnik played very creatively, sacrificed the pawn for piece
activity. The exchange of the dark squared bishop can not be good, as taking
the f7 pawn would have given black serious advantage.} (26. Be3 $5 Bd8 $13)
26... dxe5 27. Kh1 (27. Qxf7+ Kh8 28. Nxe7 Ne6+ 29. Kh1 Rxe7 30. Qf6+ Kg8 $17)
27... Bg5 $1 (27... Bxe2 28. Qxe2 Ne6 $11) 28. Nxb4 Bc4 29. Rfe1 Qb7 30. Nd5 (
30. Qxc5 Rac8 31. Qa5 Ra8 $11) 30... Qxb2 $4 {[%mdl 8192] Players were
obviously very tired in the last round of Sofia supertournament. Topalov plays
a horrible blunder, that could have lost a piece.} 31. Nc7 (31. Qxc5 Bxe2 32.
Qf2 $18) 31... Ne6 32. Nxe8 Rxe8 33. Rf1 Rf8 34. Nc1 $4 {[%mdl 8192] Kramnik
pays back with a lemon, that immediately cost him the whole point. It is
really rare to see double blunder in the game of two 2750+ players!} (34. Bd3
Bxd3 (34... Bxa2 35. Ra1 Bb3 $15) 35. Rxd3 f5 36. Rf3 Qxa2 37. Qb6 Bd8 38. Qc6
Ng5 39. Nc3 Qe6 40. Qxe6+ Nxe6 $15) 34... Qxb1 0-1

[Event "RUS-ch 54th"]
[Site "Elista"]
[Date "2001.05.07"]
[Round "7"]
[White "Smirnov, Pavel"]
[Black "Shipov, Sergei"]
[Result "1-0"]
[WhiteElo "2511"]
[BlackElo "2640"]
[Annotator "Ftacnik,L"]
[PlyCount "77"]
[EventDate "2001.04.29"]
[EventType "swiss"]
[EventRounds "9"]
[EventCountry "RUS"]
[SourceTitle "CBM 083"]
[Source "ChessBase"]
[SourceDate "2001.07.05"]
[SourceVersion "1"]
[SourceVersionDate "2001.07.05"]
[SourceQuality "1"]

1. e4 c5 2. Nf3 d6 3. d4 cxd4 4. Nxd4 Nf6 5. Nc3 a6 6. f3 e6 7. Be3 b5 8. g4
Nfd7 9. Qd2 Nb6 10. O-O-O N8d7 11. Bg5 Qc7 12. Ndxb5 $5 {[%mdl 8] Very
interesting novelty, white is forcing exchange combination despite his
vulnerable a2 pawn.} (12. Kb1 Bb7 13. Ndxb5 axb5 14. Nxb5 Qc5 15. b4 Qc6 16.
Nxd6+ Bxd6 17. Qxd6 Qxd6 18. Rxd6 Na4 19. Kc1 Bc8 20. Bb5 Nc3 {0-1 Svidler,
P-Georgiev,K/Istanbul/2000/ (31)}) 12... axb5 13. Nxb5 Qc6 14. Nxd6+ Bxd6 15.
Qxd6 Qxd6 16. Rxd6 Ba6 $6 (16... Rxa2 17. Kb1 Ra5 18. Be3 Na8 19. Be2 Ke7 20.
Rhd1 $13) 17. Bxa6 Rxa6 18. a3 h5 19. h4 hxg4 20. fxg4 f6 21. Be3 (21. Rxe6+ $2
Kf7 22. Rxb6 Rxb6 $19) 21... Ke7 22. Rhd1 $5 Rb8 $2 {Shipov defends the
position in a very passive way, white has excellent chances due to the
coordination of his pieces.} (22... Rxh4 23. Bxb6 (23. c4 $2 Nd5 $1 24. Rxd7+
Kxd7 25. exd5 Rxg4 $17) 23... Nxb6 24. c4 Rxg4 25. c5 Rxe4 26. cxb6 Rc4+ 27.
Kb1 f5 28. b7 Rxd6 29. Rxd6 Kxd6 30. b8=Q+ $18) (22... Nd5 $5 23. Rxd7+ (23.
Rxa6 Nxe3 24. Rh1 Nxg4 $13) 23... Kxd7 24. Bf2 Ra5 25. exd5 (25. c4 Ra4 26.
cxd5 Rxe4 27. dxe6+ Kxe6 $11) 25... Rxd5 26. c4 Rxd1+ 27. Kxd1 $13) 23. Rc6 Ra7
(23... Rc8 24. Rdd6 $1 (24. Rxd7+ Kxd7 25. Rxb6 Rxb6 26. Bxb6 Rc4 $13) 24...
Rxc6 25. Rxc6 $16) 24. Rdd6 Rab7 25. Rxe6+ Kf7 26. g5 Nc8 (26... Nf8 27. Red6
Nbd7 28. gxf6 Rxb2 (28... gxf6 29. Bd4 $18) 29. fxg7 Rb1+ 30. Kd2 Kxg7 31. e5
$18) 27. Bf4 Ra8 28. h5 fxg5 (28... Ne7 29. g6+ Kf8 30. Bd6 Ne5 31. Rxe7 Rxe7
32. Rc7 Rae8 33. b4 $18) 29. Bxg5 Ra5 (29... Nb8 $5 30. Rxc8 Kxe6 31. Bf4 Kd7
32. Rg8 Ke6 33. Rh8 Rb5 34. c4 Rb7 35. Kc2 $16) 30. Rg6 Na7 31. Ra6 Re5 $2 {
The defender will fall under attack of white rooks, good or bad black had to
swap pieces on a6.} (31... Rxa6 32. Rxa6 Nc5 33. Ra5 Nxe4 34. Be3 $16) 32. h6
gxh6 33. Bxh6 Rxe4 34. Rg7+ Ke8 35. Bg5 Kf8 (35... Re1+ 36. Kd2 Re5 37. Rh6 $18
) 36. Rag6 Nc6 (36... Re1+ 37. Kd2 Rh1 38. Be7+ Ke8 39. Re6 $18) 37. Rh7 Ne7
38. Rgg7 Nb6 (38... Ne5 $5 39. Bxe7+ Rxe7 40. Rxe7 Re1+ 41. Kd2 Nf3+ 42. Kd3
Rxe7 43. Rxe7 Kxe7 44. c4 $18) 39. Bf6 1-0

[Event "Groningen Harmonie"]
[Site "Groningen"]
[Date "2004.12.27"]
[Round "6"]
[White "Zhigalko, Andrey"]
[Black "L'Ami, Erwin"]
[Result "1/2-1/2"]
[WhiteElo "2515"]
[BlackElo "2516"]
[Annotator "Ftacnik,L"]
[PlyCount "78"]
[EventDate "2004.12.21"]
[EventType "tourn"]
[EventRounds "9"]
[EventCountry "NED"]
[EventCategory "10"]
[SourceTitle "CBM 105"]
[Source "ChessBase"]
[SourceDate "2005.04.11"]
[SourceVersion "1"]
[SourceVersionDate "2005.04.11"]
[SourceQuality "1"]

1. e4 c5 2. Nf3 d6 3. d4 cxd4 4. Nxd4 Nf6 5. Nc3 a6 6. Be3 e6 7. f3 b5 8. g4 h6
9. Qd2 Nbd7 10. O-O-O Bb7 11. h4 b4 12. Na4 Qa5 13. b3 Nc5 14. a3 Nxa4 15. axb4
Qc7 16. bxa4 d5 17. e5 Nd7 18. f4 Nb6 19. f5 Nxa4 20. fxe6 Nc3 21. exf7+ Kxf7
22. Bd3 Bxb4 23. Qf2+ Kg8 24. Rdf1 Ba3+ 25. Kd2 Ne4+ 26. Bxe4 dxe4 27. g5 Bd5
28. e6 {[%mdl 4] The theory of this complicated line has advanced that far,
only this move is new.} (28. Qf5 Rc8 29. Qg6 Qxe5 30. Qxa6 Bb4+ 31. c3 Ra8 32.
Qb5 Ra2+ 33. Kc1 Ba3+ 34. Kd1 Ra1+ 35. Kd2 Ra2+ 36. Kd1 Ra1+ {1/2-1/2
Lupulescu,C-Zhigalko,A/Peniscola 2002/ (36)}) (28. gxh6 Bb2 29. Rb1 Bc3+ 30.
Kc1 Bxd4 31. Bxd4 e3 32. Qxe3 Bxh1 33. Rb6 Rc8 34. Qb3+ Qc4 35. hxg7 Rxh4 36.
Rb8 Qxb3 37. Rxc8+ Kxg7 38. cxb3 Rxd4 39. Rc7+ {1/2-1/2 Shirov,A-Anand,V/
Sydney 2000/ (39)}) 28... Rf8 29. Qg2 Rc8 (29... h5 $5 30. Rxf8+ (30. g6 $6 Rc8
$17) 30... Bxf8 31. Qf2 Bb4+ 32. Kd1 $11) 30. Rf7 Qc3+ 31. Ke2 h5 (31... Qxc2+
32. Nxc2 Rxc2+ 33. Kf1 Bc4+ 34. Kg1 Rxg2+ 35. Kxg2 hxg5 36. Ra1 Bb2 37. Rb1 $16
) 32. Qh3 Qc4+ 33. Kf2 Re8 {Zhigalko must do something against imminent loss
of a vital pawn on e6.} (33... Bxe6 34. Rxg7+ Kxg7 35. Nxe6+ Kg6 (35... Kf7 36.
Qf5+ Ke7 37. Qf6+ Ke8 38. Ng7+ Kd7 39. Rd1+ $18) 36. Nf4+ Kg7 37. Ne6+ $11 (37.
Qf5 Rhf8 $11)) 34. Rb1 Bxe6 35. Nxe6 Qxc2+ (35... Kxf7 36. Rb7+ Be7 (36... Re7
$2 37. Qf5+ Kg8 38. Qf8+ Kh7 39. Qxg7+ Rxg7 40. Rxg7#) 37. Qf5+ Kg8 38. Rxe7
$16) 36. Kg3 Bd6+ (36... Kxf7 37. Rb7+ Be7 38. Nd8+ Rxd8 39. Qf5+ Ke8 40. Qe6
$18) 37. Nf4 Qd3 $2 {Fascinating moment when black could have eaten both white
rooks, but only exact move 37...Qc3! was actually keeping balance.} (37... Kxf7
38. Qd7+ Re7 39. g6+ $18) (37... Bxf4+ 38. Kxf4 Qxb1 39. Rxg7+ Kxg7 40. Qd7+
Kg6 41. Qf5+ Kg7 42. Bd4+ $18) (37... Qxb1 38. Rxg7+ Kxg7 39. Qd7+ Kf8 40.
Qxd6+ $18) (37... Qc3 $1 38. Kg2 Qc2+ $11) 38. Kg2 $6 {White was unable to
discover, that he is actually winning after the spirited move 38.Rxg7+!} (38.
Rxg7+ $1 Kxg7 39. Qd7+ Kf8 (39... Re7 40. Qxe7+ Bxe7 41. Nxd3 exd3 42. Bd4+ $18
) 40. Kg2 Re7 (40... Qc2+ 41. Bf2 Bxf4 42. g6 Re7 43. Qd8+ $18) 41. Qd8+ Kf7 (
41... Kg7 42. Qxe7+ Bxe7 43. Nxd3 exd3 44. Bd4+) 42. Qxh8 Bxf4 43. Qxh5+ Kg8
44. Rd1 $18) 38... Qc2+ 39. Kg3 Qd3 1/2-1/2

[Event "RUS-ch 54th"]
[Site "Elista"]
[Date "2001.05.03"]
[Round "4"]
[White "Motylev, Alexander"]
[Black "Ionov, Sergey"]
[Result "1-0"]
[WhiteElo "2601"]
[BlackElo "2505"]
[Annotator "Ftacnik,L"]
[PlyCount "79"]
[EventDate "2001.04.29"]
[EventType "swiss"]
[EventRounds "9"]
[EventCountry "RUS"]
[SourceTitle "CBM 083"]
[Source "ChessBase"]
[SourceDate "2001.07.05"]
[SourceVersion "1"]
[SourceVersionDate "2001.07.05"]
[SourceQuality "1"]

1. e4 c5 2. Nf3 d6 3. d4 cxd4 4. Nxd4 Nf6 5. Nc3 Nc6 6. f3 e6 7. Be3 Be7 8. Qd2
O-O 9. g4 d5 10. g5 Nxd4 11. Qxd4 Nd7 12. exd5 Bxg5 13. O-O-O exd5 14. Bxg5 (
14. Nxd5 Nb6 15. Bxg5 (15. f4 Qxd5 16. Qxd5 Nxd5 17. Rxd5 Bh6 18. Bd3 Bg4 19.
Rg1 Rfe8 20. Bd2 Be2 21. f5 {1/2-1/2 Nouro,M-Ksieski,Z/Copenhagen/1996/ (21)})
15... Qxg5+ 16. f4 Qxd5 17. Qxd5 Nxd5 18. Rxd5 Be6 19. Rd4 Rfd8 20. Rxd8+ Rxd8
21. Bg2 b6 22. Rd1 {1-0 Hennigan,M-Rossiter,P/Blackpool/1988/ (40)}) 14...
Qxg5+ 15. f4 Qh6 16. Nxd5 Nb6 17. Ne3 (17. Nxb6 axb6 18. Bc4 b5 19. Bb3 Bg4 20.
Rd2 Be6 21. a3 Bxb3 22. cxb3 Qc6+ {0-1 Vatter,H-Hansen,C/Germany/1999/ (22)})
17... Bd7 {White will manage to prove, that black's play is a bit slow. The
complete control of the center and semiopen g file clearly favour the first
player.} (17... Be6 18. Rd2 g6 19. Bg2 Rad8 20. Qxd8 Rxd8 21. Rxd8+ Kg7 22. Rd4
{1/2-1/2 Hector,J-Sax,G/Aarhus/1993/ (50)}) 18. Bg2 Rab8 (18... Bc6 $2 19. Nf5
Qf6 20. Qxf6 gxf6 21. Ne7+ Kh8 22. Nxc6 bxc6 23. Bxc6 $18) 19. Kb1 Rfe8 20.
Rhg1 Re7 (20... Qxh2 $2 21. Bh3 g6 22. Bxd7 Red8 23. Nf5 $18) 21. a4 a5 (21...
Nxa4 22. Nd5 Ree8 23. Bf3 Kh8 24. b3 $16) 22. Bxb7 $1 {[%mdl 64] Deep
combination, that is toying with the back rank motives.} Rxe3 (22... Rxb7 $2
23. Nf5 Bxf5 24. Qd8+ $18) 23. Qxe3 Rxb7 24. Qe4 Rb8 (24... Rc7 $5 25. Qe7 Rc8
26. Rxd7 Nxd7 27. Qxd7 $16) (24... Qc6 $2 25. Qxc6 Bxc6 26. Rd8+ $18) 25. Qe5
Rc8 26. Rd6 $1 Nc4 (26... g6 27. Rxb6 Qxh2 28. Rc1 Bxa4 29. b3 Be8 30. Rb8 $18)
27. Rxh6 Nxe5 28. fxe5 Bf5 29. Rg2 {Motylev is ahead in material and his
queenside majority will decide the game.} Be4 (29... Rxc2 30. Rxc2 gxh6 31. Kc1
Bxc2 32. Kxc2 Kf8 33. b4 $1 $18) 30. Re2 Bf3 (30... gxh6 31. Rxe4 $18) 31. Rf2
gxh6 32. Rxf3 Rc4 33. b3 Re4 (33... Rc5 34. Re3 $18) 34. Rf5 Rh4 35. e6 fxe6 $1
36. Rxa5 Rxh2 37. Re5 Kf7 (37... h5 38. a5 h4 39. a6 $18) 38. a5 Rd2 39. a6 Rd8
40. b4 1-0